| 000 | 00809cam a2200265 a 4500 | ||
|---|---|---|---|
| 001 | 2526105 | ||
| 003 | mut | ||
| 005 | 20240606080954.0 | ||
| 008 | 940607s1994 iluab e 001 0deng | ||
| 010 | _a 93060511 | ||
| 020 | _a0716637936 | ||
| 040 |
_aDLC _cDLC _dDLC |
||
| 050 | 0 | 0 |
_aAE5 _b.W563 1994 |
| 082 | 0 | 0 |
_a031 _220 |
| 245 | 0 | 4 |
_aThe World Book encyclopedia of people and places. _bvol 6/U-Z |
| 260 |
_aChicago : _bWorld Book, _cc1994. |
||
| 300 |
_a6 v. (1584 p.) : _bcol. ill., maps ; _c28 cm. |
||
| 500 | _aIncludes index. | ||
| 650 | 0 | _aEncyclopedias and dictionaries. | |
| 710 | 2 | _aWorld Book, Inc. | |
| 740 | 0 | _aPeople and places. | |
| 906 |
_a7 _bcbc _corignew _d2 _eopcn _f19 _gy-gencatlg |
||
| 942 |
_2lcc _cBK |
||
| 999 |
_c5309 _d5309 |
||